| 000 | 00661nam a2200217Ia 4500 | ||
|---|---|---|---|
| 003 | GCL | ||
| 008 | 140319s9999 xx 000 0 eng d | ||
| 020 | _a0070990239 | ||
| 040 |
_aGCL / _cGCL |
||
| 082 | 0 | 4 |
_a729 _bC T |
| 100 | 1 | _aCALLENDER, HANCOCK JOHN | |
| 245 | 1 | 0 |
_aTIME - SAVER STANDARDS : _bFOR ARCHITECTURAL DESIGN DATA / _cCALLENDER, HANCOCK JOHN |
| 250 | _aSIX | ||
| 260 |
_aنيويورك : _bMC GRAW - HILL ، _c1983 |
||
| 300 |
_aXV,5067 P _bILL. ؛ _c30 cm. |
||
| 490 |
_aARCHITECTURE SERIES _v0 |
||
| 650 | 0 | 4 | _aARCHITECTURE - DETAILS |
| 650 | 0 | 4 | _aARCHITECTURAL DESIGN |
| 650 | 0 | 4 | _aARCHITECUTRAL DESIGN - DATA PROCESSING |
| 942 |
_2ddc _cBK |
||
| 999 |
_c9388 _d9388 |
||